| 000 | 01352cam a2200373 4500 | ||
|---|---|---|---|
| 003 | PE-LiUPU | ||
| 005 | 20250731183424.0 | ||
| 020 | _a8483018470 | ||
| 035 | _a(Sirsi) i9788483018477 | ||
| 035 | _a(Sirsi) 43249 | ||
| 035 | _a(Sirsi) 43249 | ||
| 041 | _aes | ||
| 044 | _aes | ||
| 082 | 0 | 4 |
_a720.12 _bP59 |
| 100 | 1 | _aPiñon, Helio | |
| 245 |
_aTeoría del proyecto / _cHelio Piñon. |
||
| 264 | 1 |
_aBarcelona : _bUniversitat Politécnica de Catalunya, _c2006 |
|
| 300 |
_a221 páginas : _bilustraciones ; _c24 cm. |
||
| 490 | 0 |
_aCol-lecció Arquitectura _v24 |
|
| 505 | 0 | _aModernidad y proyecto -- La forma moderna -- Idea y forma -- Forma y materia -- Proyecto, lugar y tiempo -- Proyecto y sociedad. | |
| 526 | _aP158 | ||
| 526 | _aP146 | ||
| 526 | _aP17 | ||
| 526 | _aP12 | ||
| 526 | _aP06 | ||
| 650 | 1 | 4 |
_aArquitectura _xProyectos |
| 942 |
_2ddc _cBOOK |
||
| 949 |
_a720.12 P59 _i60572 _lCCODEBUL1 _mBUL _tLIBRO _o.STAFF. Colección General |
||
| 859 |
_q60572 _h720.12 _iP59 |
||
| 910 |
_agl _jv _cng _d20091014 |
||
| 596 | _a1 | ||
| 999 |
_a720.12 P59 _wDEWEY _c49995 _i60572 _d49995 _e2016-5-30 _f2021-11-9 _g7 _lCCODEBUL1 _mBUL _n1 _p57.00 _r0 _sY _tBOOK _u2015-7-6 _xINGENIERIA _PP06 _o.STAFF. Colección General |
||
| 980 |
_81 _gALBERTO SANCHEZ Responsable de Automatización |
||